Convivencia y utopía : (Registro nro. 14585)

Detalles MARC
000 -LIDER
fixed length control field 01292nam a2200313 a 4500
001 - NÚMERO DE CONTROL
Identificador de número de control 000007137
003 - IDENTIFICACDOR DE NÚMERO DE CONTROL
control field DO-SdBNP
005 - DATE AND TIME OF LATEST TRANSACTION
control field 20240312123623.0
007 - CAMPOS FIJOS DE DESCRIPCIÓN FÍSICA
fixed length control field 000007137
008 - ELEMENTOS DE LONGITUD FIJA
fixed length control field 090717s2005 mx 001 0 spa d
020 ## - ISBN
Canceled/invalid ISBN 968167538X
040 ## - FUENTE DE CATALOGACIÓN
Agencia que crea de manera original el registro BPMSU
Idioma de catalogación spa
Agencia que realiza la transcripción BPMSU
082 #4 - NÚMERO DE CLASIFICACIÓN DECIMAL DE DEWEY
Classification number 972.2
Item number M385c 2005
Edition number 22
100 1# - ASIENTO PRINCIPAL -- NOMBRE PERSONAL
Nombre personal Martínez Baracs, Rodrigo,
Fechas asociadas con el nombre 1954-
245 10 - MENCIÓN DE TITULO
Título Convivencia y utopía :
Subtítulo el gobierno indio y español de la ciudad de Mechuacan, 1521-1580 /
Mención de responsabilidad Rodrigo Martínez Baracs
260 ## - PUBLICACIÓN, DISTRIBUCIÓN, ETC. (PIE DE IMPRENTA)
Lugar de publicación, distribución, etc México :
Nombre del editor, distribuidor, etc. Fondo de Cultura Económica ;
-- Instituto Nacional de Antropología e Historia,
Fecha de publicación, distribución, etc 2005
300 ## - DESCRIPCIÓN FÍSICA
Extensión 471 p., [48] p. de láminas :
Otros detalles físicos il., mapas ;
Dimensiones 23 cm.
490 0# - MENCIÓN DE SERIES
Mención de serie Sección de obras de historia
500 ## - NOTA GENERAL
Nota general Incluye datos biogràficos del autor en la contracubierta
504 ## - NOTA DE BIBLIOGRAFÍA, ETC.
Bibliography, etc Incluye referencias bibliográficas y notas al pie de las páginas
590 ## - NOTA LOCAL
Texto de la nota local Inventariado, 2024/VM
651 #4 - ENCABEZAMIENTO DE MATERIA--NOMBRE GEOGRÁFICO
Nombre geográfico Michoacán (México)
Subdivisión temática general Historia
Subdivisión cronológica 1517-1821
651 #4 - ENCABEZAMIENTO DE MATERIA--NOMBRE GEOGRÁFICO
Nombre geográfico Michoacán (México)
Subdivisión temática general Política y gobierno
Subdivisión cronológica 1517-1821.
651 #4 - ENCABEZAMIENTO DE MATERIA--NOMBRE GEOGRÁFICO
Nombre geográfico Cuba
Subdivisión temática general Historia
Subdivisión cronológica 1940-1952.
710 2# - ASIENTO SECUNDARIO -- NOMBRE CORPORATIVO
Nombre corporativo o de jurisdicción Fondo de Cultura Económica (México)
710 2# - ASIENTO SECUNDARIO -- NOMBRE CORPORATIVO
Nombre corporativo o de jurisdicción Instituto Nacional de Antropología e Historia (México)
910 ## - VALIDACIÓN
Validación VMateo V. Control de calidad BPMSU
942 ## - ADDED ENTRY ELEMENTS (KOHA)
Source of classification or shelving scheme Dewey Decimal Classification
Koha item type Libros
Existencias
Withdrawn status Lost status Source of classification or shelving scheme Damaged status Not for loan Collection code Home library Current library Date acquired Source of acquisition Total Checkouts Full call number Barcode Date last seen Price effective from Koha item type Copy number
    Dewey Decimal Classification     Colección General Biblioteca Pública Metropolitana Salomé Ureña Biblioteca Pública Metropolitana Salomé Ureña 03/12/2024 Instituto Nacional de Antropología e Historia   BPMSD CG 972.2 M385c 2017 BPMSU24030023 03/12/2024 03/12/2024 Libros  
    Dewey Decimal Classification     Colección General Biblioteca Pública Metropolitana Salomé Ureña Biblioteca Pública Metropolitana Salomé Ureña 03/12/2024 Instituto Nacional de Antropología e Historia   BPMSD CG 972.2 M385c 2017 BPMSU24030024 03/12/2024 03/12/2024 Libros e.2
    Dewey Decimal Classification     Colección General Biblioteca Pública Metropolitana Salomé Ureña Biblioteca Pública Metropolitana Salomé Ureña 03/12/2024 Instituto Nacional de Antropología e Historia   BPMSD CG 972.2 M385c 2017 BPMSU24030025 03/12/2024 03/12/2024 Libros e.3